| 000 | 00677nam0a22002291 4500 | ||
|---|---|---|---|
| 001 | rc\2750773 | ||
| 005 | 20260407050529.0 | ||
| 035 | _a(NLR Aleph) 006877678 | ||
| 090 |
_a7014077 _c7014077 |
||
| 100 | _a20110915d1939 |||y0rusy50 ca | ||
| 101 | 0 | _arus | |
| 102 | _aRU | ||
| 105 | _ay z ||||| | ||
| 200 | 1 | _a18-е марта день Парижской Коммуны - день МОПРа | |
| 210 |
_aКраснодар _cКраев. кн-во _d1939 |
||
| 215 |
_a24 с., без обл. _d19 см. |
||
| 712 | 0 | 2 |
_aМОПР _3RU\NLR\AUTH\8810019562 _9537014 |
| 801 | 0 |
_aRU _bNLR _gpsbo |
|
| 801 | 1 |
_aRU _bELAR _2rusmarc |
|
| 852 |
_aNLR _j39-10/677 |
||
| 942 | _cBOOK | ||
| 980 | _aNB | ||